000 00566nam a22001697a 4500
005 20251108165234.0
008 250721s1993 xx 000 0 ara d
082 1 4 _a956.94/احم
100 1 _aالعوضي، أحمد
245 1 0 _aالصهيونية نشأتها - تنظيماتها - أنشطتها /
264 1 _aعمان :
_bدار النفائس للنشر والتوزيع،
_c1993.
300 _a189ص
490 0 _aبحوث في الصراع الإسلامي اليهودي ؛ 1
650 1 7 _aالصهيونية
942 _2ddc
_cBK
999 _c22936
_d22936